Welcome to the Holygrace Academy Library

Please use search bar below to get started

FAMOUS SPEECHES (Record no. 3655)

MARC details
000 -LEADER
fixed length control field 00262nam a22001217a 4500
082 ## - DEWEY DECIMAL CLASSIFICATION NUMBER
Classification number 825
Item number GUP/E
100 ## - MAIN ENTRY--AUTHOR NAME
Personal name GUPTA,G.S BALARAMA
245 ## - TITLE STATEMENT
Title FAMOUS SPEECHES
260 ## - PUBLICATION, DISTRIBUTION, ETC. (IMPRINT)
Place of publication CHENNAI
Name of publisher EMERALD PUBLISHERS
300 ## - PHYSICAL DESCRIPTION
Number of Pages 344
650 ## - SUBJECT ADDED ENTRY--TOPICAL TERM
Topical Term SPEECH
Geographic subdivision CHENNAI
942 ## - ADDED ENTRY ELEMENTS (KOHA)
Koha item type Books
Holdings
Withdrawn status Lost status Collection code Home library Current library Shelving location Date acquired Source of acquisition Full call number Accession Number Koha item type
    Reference Main Library Main Library SHELF-16B -ENGLISH SPEECHES,ESSAYS,QUOTES 24/10/2006 PURCHASE 825 GUP/E 03838 Books